Jak dál v účtování evropského leasingu
V rámci EU snaha o harmonizáciu finančných informácií, v oblasti účtovníctva vydanie 4. a 7. účtovnej direktívy, harmonizácia účtovníctva Poradným fórom účtovných expertov. Metodika účtovania leasingových operácií na seminári členských asociácií Leaseurope (február 1994 v Marakéši). Bilancovanie lea...
Salvato in:
| Autore principale: | |
|---|---|
| Natura: | Capitolo di libro |
| Lingua: | ceco |
| Soggetti: | |
| Tags: |
Nessun Tag, puoi essere il primo ad aggiungerne!!
|
MARC
| LEADER | 00000naa a2200000 4500 | ||
|---|---|---|---|
| 001 | r016040 | ||
| 005 | 20221213083336.1 | ||
| 041 | 0 | |a cze | |
| 044 | |a CZ | ||
| 245 | 1 | 0 | |a Jak dál v účtování evropského leasingu |c J. Tošovská |
| 520 | |a V rámci EU snaha o harmonizáciu finančných informácií, v oblasti účtovníctva vydanie 4. a 7. účtovnej direktívy, harmonizácia účtovníctva Poradným fórom účtovných expertov. Metodika účtovania leasingových operácií na seminári členských asociácií Leaseurope (február 1994 v Marakéši). Bilancovanie leasingu tak u právneho, ako aj ekonomického vlastníka. Výhody a nevýhody uvedených spôsobov. Závery seminára. | ||
| 610 | 2 | 0 | |a lízing |
| 610 | 2 | 0 | |a účtovanie |
| 610 | 2 | 0 | |a závierka účtovná |
| 610 | 2 | 0 | |a unifikácia |
| 610 | 2 | 0 | |a Európska únia |
| 610 | 2 | 0 | |a Leaseurope |
| 610 | 2 | 0 | |a konferencie |
| 610 | 2 | 0 | |a Marakéš |
| 610 | 2 | 0 | |a 1994 |
| 610 | 2 | 0 | |a február |
| 610 | 2 | 0 | |a porovnanie medzinárodné |
| 100 | 1 | |a Tošovská, J. | |